Begins and Ends with 'T' II Quiz Stats

 Plays Quiz Updated Dec 18, 2018

Support Sporcle.
Go Orange.
Score 0/20 Timer 05:00
0 Plays Today
Clue Word % Correct
Bread that has been grilled to having brown surfacestoast
96.6%
Had an idea or ponderedthought
96.1%
The deep desire for a beveragethirst
91.4%
Instrument played by Louis Armstrongtrumpet
90.1%
This store chain's logo is a red circle inside a white ring inside a red ringTarget
89.4%
This is who the landlady collects rent fromtenant
88.4%
This evening or a song from 'West Side Story'tonight
88.4%
The act of stealingtheft
86.1%
Wimbledon or The World Series of Poker, e.g.tournament
82%
An absolute and oppressive ruler who exercises harsh authoritytyrant
78.7%
Clue Word % Correct
The weapon of Poseidontrident
77.8%
This is a line that intersects a circle at just one pointtangent
71%
What Chip's mom is in 'Beauty and the Beast'teapot
70.6%
A written record of all your grades in schooltranscript
69.9%
Full outfit worn by athletes and Sue Sylvester on 'Glee'tracksuit
65.5%
A rotating gun enclosure on a tank, ship or planeturret
59.2%
Fix or find the source of a problem involving a computer or other technologytroubleshoot
45.4%
Romeo kills this cousin of Juliet in Act IIITybalt
42.9%
A traitor or one who switches sidesturncoat
42.1%
A medieval attack engine for hurling rockstrebuchet
34%

From the Vault

Crossword Whiteout! VII

by hockeystix3

Just a quick note, don't put whiteout on your screen.
Remove Ads.
Support Sporcle.
Get the best of Sporcle when you Go Orange. This ad-free experience offers more features, more stats, and more fun while also helping to support Sporcle. Thank you for becoming a member.

Show Comments

Extras

Top Quizzes Today


Score Distribution

Your Account Isn't Verified!

In order to create a playlist on Sporcle, you need to verify the email address you used during registration. Go to your Sporcle Settings to finish the process.

Report this User

Report this user for behavior that violates our Community Guidelines.

Details: